| 000 | 00695nam a22002177a 4500 | ||
|---|---|---|---|
| 001 | 34916 | ||
| 003 | UA-OsUOA | ||
| 005 | 20220710152807.0 | ||
| 007 | ta | ||
| 008 | 20051031b un ||||| |||| 00| 0 ukr d | ||
| 040 |
_aUA-OsUOA _brus _cUA-OsUOA _dUA-OsUOA |
||
| 041 | _arus | ||
| 080 | _a510.6(035) | ||
| 090 |
_a510.6(035) _bС74 |
||
| 245 |
_aСправочная книга по математической логике _cред. Дж. Барвайс _nкн. 2 _pТеория мнножеств |
||
| 260 |
_aМ. _bГлавная редакция физико-математической литературы _c1982 |
||
| 300 | _a374 с. | ||
| 650 | 7 | _2UDC | |
| 942 |
_cBK _2udc |
||
| 955 | _a2 | ||
| 999 |
_c321340 _d321340 |
||